000 00979nam a2200265Ia 4500
003 OSt
005 20220923211405.0
006 a|||||r|||| 00| 0
007 ta
008 220922b |||||||| |||| 00| 0 hin d
020 _a9788189495367 (hbk)
_c395
024 _a348,089
037 _b234, 14/01/2019, Eastern Book Linkers
_cTextual
040 _aARTS
_cARTS
_bhin
041 _2hin
_ahin
082 _aQ4, 152Q1
100 _aविमलकीर्ति, ले.
_9160352
245 0 _aभगवान बुद्ध का मानवतावादी चिन्तन
246 _aBhagavān buddha kā mānavatāvādī chintana
260 _aगाजियाबाद
_b साहित्य संस्थान
_c2011
300 _a186पृ.
_ccm.
650 _aबौद्ध धर्म
942 _hQ4, 152Q1
_cTEXL
_2CC
999 _c298998
_d298998